[Event "Messina op 2nd"]
[Site "Messina"]
[Date "2012.08.29"]
[Round "3"]
[White "Buzzanca, Francesco"]
[Black "Cappadona, Salvatore"]
[Result "0-1"]
[WhiteElo "1687"]
[BlackElo "2081"]
[PlyCount "64"]
[EventDate "2012.08.27"]
[EventType "swiss"]
[EventRounds "8"]
[EventCountry "ITA"]
[SourceTitle "EXT 2014"]
[Source "ChessBase"]
[SourceDate "2013.11.20"]
[SourceVersion "1"]
[SourceVersionDate "2013.11.20"]
[SourceQuality "1"]

1. d4 d5 2. c4 Nc6 3. Nc3 Nf6 4. Bg5 Ne4 5. Nxe4 dxe4 6. e3 h6 7. Bh4 Bf5 8. a3 g5 9. Bg3 Bg7 10. Qa4 0-0 11. Ne2 e5 12. d5 Ne7 13. Nc3 Bg6 14. Be2 f5 15. f3 f4 16. Bf2 exf3 17. gxf3 fxe3 18. Bxe3 Nf5 19. Bc5 Re8 20. Ne4 Nd4 21. Bxd4 exd4 22. Bd3 g4 23. 0-0 gxf3 24. Qc2 Bxe4 25. Rf2 Qg5+ 26. Kh1 Bxd3 27. Qxd3 Re3 28. Qd2 Kh8 29. Rg1 Qe7 30. Rgf1 Rf8 31. Rg1 Re2 32. Rxe2 fxe2 0-1